000 00329nam a22001337a 4500
008 250403b |||||||| |||| 00| 0 eng d
020 _a9783185325
050 _aHF5549
_b.O86
100 _aOwoechukwu Chukwuma
245 _aManaging People
260 _aEnugu State
_bEgbeogu Publication
_c2008
300 _axvi, 288
942 _cBK
999 _c2819
_d2819